| 000 | 00575cas a22001935a 4500 | ||
|---|---|---|---|
| 001 | L138305 | ||
| 008 | 070525c xxkur p 0 a0eng u | ||
| 035 | _a(Sirsi) u138305 | ||
| 041 | 0 | _aeng | |
| 110 | 2 |
_aRoyal Institution of Chartered Surveyors _bJunior Organisation _91458 |
|
| 245 | 0 | 0 | _aBranch Express |
| 260 |
_aS.l. _bRICS _c[199?]- |
||
| 362 | 0 | _aApril 1993 | |
| 520 | _aNewsletter of the West of England Junior Organisation Branch. | ||
| 554 | _aUnknown | ||
| 651 | 4 |
_aEngland _y886- |
|
| 690 | _aMANAGEMENT-BUSINESS MANAGEMENT-PROFESSIONAL PRACTICE | ||
| 942 | _n0 | ||
| 999 |
_c118967 _d118967 |
||